|
|
|
|
| LEADER |
00000nam2a2200000 4500 |
| 001 |
20222 |
| 005 |
20231101205337.0 |
| 035 |
|
|
|a (RuTPU)RU\TPU\book\20400
|
| 035 |
|
|
|a BOOK00005089
|
| 090 |
|
|
|a 20222
|
| 100 |
|
|
|a 20011209d1957 k y0rusy50 ca
|
| 101 |
1 |
|
|a rus
|c lat
|
| 102 |
|
|
|a RU
|
| 105 |
|
|
|a y z 000zb
|
| 200 |
0 |
|
|a Т. 1
|
| 210 |
|
|
|d 1957
|
| 215 |
|
|
|a 631 с.
|
| 461 |
|
1 |
|0 (RuTPU)RU\TPU\book\13526
|t Избранные произведения
|o Пер. с лат.
|o В 2 т.
|f Б. Спиноза
|g Академия Наук СССР; Институт философии
|v Т. 1
|d 1957-
|
| 600 |
|
1 |
|a Декарт
|g Рене
|b Р.
|c французский философ, математик, физик и физиолог
|f 1596 - 1650
|2 stltpui
|3 (RuTPU)RU\TPU\pers\142
|
| 606 |
1 |
|
|a Спиноза, Бенедикт
|x Нидермандская философия
|z 17 в.
|2 stltpush
|3 (RuTPU)RU\TPU\subj\55854
|9 73811
|
| 610 |
1 |
|
|a философия
|
| 610 |
1 |
|
|a нидерландская философия
|
| 610 |
1 |
|
|a 17 век
|
| 610 |
1 |
|
|a история
|
| 610 |
1 |
|
|a метафизика
|
| 686 |
|
|
|a Ю3(4Н)
|v LBC/SL-A
|2 rubbk
|
| 801 |
|
0 |
|a RU
|b 63413507
|c 20011209
|g PSBO
|
| 801 |
|
2 |
|a RU
|b 63413507
|c 20160119
|g PSBO
|
| 942 |
|
|
|c BK
|